1564 1402 1157 1318 1528 1459 1619 1100 1367 1862 1113 1326 1898 1123 1422 1706 1970 1172 1994 1883 1032 1593 2000 1136 1306 1260 1637 1849 1621 1689 1942 1029 1503 1039 1692 1017 1263 1375 1304 1629 1509 1029 1476 1682 1850 1140 1766 1704 1372 1766 1665 1788 1394 1190 1675 1308 1707 1331 1214 1280 1383 1857 1590 1418 1303 1026 1967 1896 1978 1058 1904 1838 1704 1794 1181 1983 1493 1713 1399 1045 1314 1670 1887 1641 1650 1517 1065 1164 1523 1687 1030 1268 1508 1608 1111 1610 1726 1705 1846 BCNSPRNW ULIB Ver.6.0+V

เปลี่ยนเป็นภาษาไทย

Change to English
 แสดงรายละเอียดบรรณานุกรม
  กลับหน้าหลัก

Brief Record : Get Marc (ISO 2709) : E-mail record : QR code < ปิดหน้าต่าง
LEADER : 00000nam 2200000uu 4500
001    13399128887
003     ULIB
008    241024s2023||||th 000 0 tha d
020    ^a9780323757034
060 04 ^aWF102^bB365R
100 1  ^aBeachey, Will.
245 10 ^aRespiratory care anatomy and physiology :^bfoundations forclinical practice /^cWill Beachey
250    ^a5th ed.
260    ^aSt. Louis, Mo. :^bElsevier/Mosby,^c2023
300    ^axix, 450 p. :^bill. (chiefly col.) ;^c28 cm.
504    ^aIncludes bibliographical references and index
650  0 ^aRespiratory organs^xPhysiology
650  0 ^aCardiovascular system^xPhysiology
650  0 ^aRespiratory therapy
650  0 ^aRespiration
650  2 ^aRespiratory Physiological Phenomena
650  2 ^aCardiovascular Physiological Phenomena
650  2 ^aKidney^xphysiology
650  2 ^aRespiratory Therapy
945    ^p3187^l0^i011134
999    ^aประนอม เกษจรัล
รายการนี้ยังไม่มีแท็ก
คุณยังไม่ได้ล็อกอิน คุณสามารถมีกิจกรรมร่วมกับเว็บไซต์ได้ แต่ต้องล็อกอินก่อน ::
  ล็อกอิน

รายการสื่อสารสนเทศ

ลำดับที่ ประเภท เลขเรียก/บาร์โค้ด สถานที่ สถานะ
1. วิทยาศาสตร์การแพทย์ และสุขภาพ
หนังสือสำรอง
สถานะ=หนังสือสำรอง
WF102 B365R ฉ.1 
  Barcode: 011134
ห้องสมุดวิทยาเขตสวรรค์ประชารักษ์
►หนังสือทั่วไป
บนชั้น

รายการใกล้เคียง
    หัวเรื่อง [Respiratory therapy]
    หัวเรื่อง [Respiration]
    หัวเรื่อง [Respiratory Physiological Phenomena]
    หัวเรื่อง [Cardiovascular Physiological Phenomena]
    หัวเรื่อง [Respiratory Therapy]

BibComment


ยังไม่เคยถูกคอมเมนท์

คอมเมนท์ทรัพยากรรายการนี้
  คอมเมนท์: Respiratory care..


 Copyright 2026. Bcnsprnw @Library